000
00195 a2200097 4500
001
29402
100
_a
Dineen
245
_a
Effective word power
260
_a
_b
Thomas
_c
090
_c
19615
_d
19615
942
_a
NUST-CAE
_c
M
_c
10686
999
_c
264475
_d
264475